Dead or Alive Languages Quiz Stats

Quiz Updated Aug 24, 2017

Challenge
Share
Tweet
Embed
Score 0/20 Timer 04:00
0 Plays Today
Language Extant (A) or extinct (B) % Correct
Lithuanian???
91.5%
Yiddish???
88.6%
Maori???
87.6%
Tamil???
87.1%
Basque???
86.5%
Old Norse???
86%
Esperanto???
77%
Frankish???
74.6%
Latin???
74.3%
Gujarati???
73.3%
Language Extant (A) or extinct (B) % Correct
Akkadian???
71.6%
Dalmatian???
66.5%
Elamite???
63.1%
Galician???
59.4%
Amharic???
52.9%
Coptic???
52.4%
Mansi???
51.4%
Slovincian???
51.4%
Kannada???
51.3%
!Kung???
46.1%

You're not logged in!

Compare scores with friends on all Sporcle quizzes.
Sign Up with Email
OR
Log In

You Might Also Like...

Show Comments

Extras

Top Quizzes Today


Score Distribution

Your Account Isn't Verified!

In order to create a playlist on Sporcle, you need to verify the email address you used during registration. Go to your Sporcle Settings to finish the process.